Miasta w Polsce od 20 do 100 tyś. - Statystyki

Ogólne statystyki
  • Ten quiz został rozwiązany 316 razy
  • Średni wynik to 100 z 180
Statystyki odpowiedzi
Wskazówka Miasto % Poprawnych
Wielkopolskie, 21247 Koło
72%
Łódzkie, 56419 Bełchatów
71%
Opolskie, 35226 Brzeg
71%
Lubelskie, 61135 Chełm
71%
Warmińsko-Mazurskie, 61903 Ełk
71%
Wielkopolskie, 72539 Konin
71%
Dolnośląskie, 71710 Lubin
71%
Podlaskie, 69639 Suwałki
71%
Kujawsko-Pomorskie, 93564 Grudziądz
70%
Kujawsko-Pomorskie, 71674 Inowrocław
70%
Mazowieckie, 62623 Pruszków
70%
Pomorskie, 35286 Sopot
70%
Podlaskie, 29946 Augustów
69%
Dolnośląskie, 78335 Jelenia Góra
69%
Podkarpackie, 45948 Krosno
69%
Wielkopolskie, 62854 Leszno
69%
Wielkopolskie, 72527 Piła
69%
Wielkopolskie, 67570 Gniezno
68%
Opolskie, 60021 Kędzierzyn-Koźle
68%
Podlaskie, 62573 Łomża
68%
Małopolskie, 83558 Nowy Sącz
68%
Wielkopolskie, 71560 Ostrów Wielkopolski
68%
Dolnośląskie, 66120 Głogów
67%
Zachodniopomorskie, 46198 Kołobrzeg
67%
Dolnośląskie, 98436 Legnica
67%
Lubelskie, 56942 Biała Podlaska
66%
Podkarpackie, 34542 Jasło
66%
Wielkopolskie, 99106 Kalisz
66%
Małopolskie, 37569 Oświęcim
66%
Łódzkie, 72250 Piotrków Trybunalski
66%
Zachodniopomorskie, 40948 Świnoujście
66%
Podkarpackie, 46360 Tarnobrzeg
66%
Małopolskie, 33257 Nowy Targ
65%
Podkarpackie, 59779 Przemyśl
65%
Świętokrzyskie, 22997 Sandomierz
65%
Pomorskie, 89780 Słupsk
65%
Małopolskie, 26846 Zakopane
65%
Śląskie, 62844 Żory
65%
Podkarpackie, 45189 Dębica
64%
Dolnośląskie, 22462 Jawor
64%
Mazowieckie, 53529 Legionowo
64%
Pomorskie, 38101 Malbork
64%
Mazowieckie, 77813 Siedlce
64%
Podkarpackie, 59623 Stalowa Wola
64%
Pomorskie, 59430 Tczew
64%
Śląskie, 56008 Będzin
63%
Warmińsko-Mazurskie, 33206 Iława
63%
Podkarpackie, 37073 Jarosław
63%
Pomorskie, 35101 Lębork
63%
Podkarpackie, 60075 Mielec
63%
Opolskie, 43356 Nysa
63%
Świętokrzyskie, 67404 Ostrowiec Świętokrzyski
63%
Łódzkie, 63945 Pabianice
63%
Lubelskie, 46965 Puławy
63%
Świętokrzyskie, 44260 Skarżysko-Kamienna
63%
Łódzkie, 47655 Skierniewice
63%
Świętokrzyskie, 47638 Starachowice
63%
Zachodniopomorskie, 67579 Stargard
63%
Łódzkie, 61338 Tomaszów Mazowiecki
63%
Pomorskie, 49099 Wejherowo
63%
Lubelskie, 62785 Zamość
63%
Łódzkie, 55673 Zgierz
63%
Pomorskie, 39647 Chojnice
62%
Mazowieckie, 43883 Ciechanów
62%
Łódzkie, 45353 Radomsko
62%
Małopolskie, 29554 Bochnia
61%
Śląskie, 88038 Jastrzębie-Zdrój
61%
Pomorskie, 49536 Rumia
61%
Śląskie, 66270 Siemianowice Śląskie
61%
Pomorskie, 47272 Starogard Gdański
61%
Warmińsko-Mazurskie, 28964 Giżycko
60%
Łódzkie, 43332 Kutno
60%
Śląskie, 74559 Mysłowice
60%
Podkarpackie, 36999 Sanok
60%
Śląskie, 61756 Tarnowskie Góry
60%
Dolnośląskie, 38486 Bolesławiec
59%
Małopolskie, 34757 Olkusz
59%
Mazowieckie, 51656 Ostrołęka
59%
Dolnośląskie, 56222 Świdnica
59%
Małopolskie, 24215 Wieliczka
59%
Śląskie, 47576 Wodzisław Śląski
59%
Lubuskie, 37052 Żary
59%
Śląskie, 30733 Żywiec
59%
Łódzkie, 21754 Aleksandrów Łódzki
58%
Małopolskie, 36118 Chrzanów
58%
Śląskie, 90368 Jaworzno
58%
Łódzkie, 27896 Łowicz
58%
Dolnośląskie, 33087 Oława
58%
Mazowieckie, 48670 Piaseczno
58%
Śląskie, 54702 Piekary Śląskie
58%
Zachodniopomorskie, 32243 Police
58%
Mazowieckie, 39550 Żyrardów
58%
Śląskie, 33981 Cieszyn
57%
Zachodniopomorskie, 39827 Szczecinek
57%
Mazowieckie, 44317 Otwock
56%
Łódzkie, 21892 Wieluń
56%
Mazowieckie, 36848 Wołomin
56%
Dolnośląskie, 26421 Kłodzko
55%
Pomorskie, 38329 Kwidzyn
55%
Dolnośląskie, 36979 Oleśnica
55%
Śląskie, 49108 Świętochłowice
55%
Śląskie, 48703 Zawiercie
55%
Wielkopolskie, 26453 Jarocin
54%
Mazowieckie, 40916 Mińsk Mazowiecki
54%
Mazowieckie, 31129 Mława
54%
Lubuskie, 38191 Nowa Sól
54%
Mazowieckie, 28691 Nowy Dwór Mazowiecki
54%
Warmińsko-Mazurskie, 32714 Ostróda
54%
Pomorskie, 26707 Reda
54%
Lubelskie, 38763 Świdnik
54%
Warmińsko-Mazurskie, 21302 Mrągowo
53%
Lubuskie, 21550 Świebodzin
53%
Wielkopolskie, 31000 Września
53%
Mazowieckie, 32452 Grodzisk Mazowiecki
52%
Opolskie, 23254 Kluczbork
52%
Śląskie, 23551 Lubliniec
52%
Lubuskie, 25265 Żagań
52%
Śląskie, 35839 Czechowice-Dziedzice
51%
Podlaskie, 20265 Hajnówka
51%
Wielkopolskie, 28701 Krotoszyn
51%
Łódzkie, 20746 Opoczno
51%
Pomorskie, 31578 Pruszcz Gdański
51%
Śląśkie, 54259 Racibórz
51%
Łódzkie, 41288 Zduńska Wola
51%
Dolnośląskie, 29810 Zgorzelec
51%
Lubelskie, 26114 Biłgoraj
50%
Dolnośląskie, 32869 Dzierżoniów
50%
Zachodniopomorskie, 20923 Gryfino
50%
Śląskie, 31261 Myszków
50%
Dolnośląskie, 22435 Polkowice
50%
Mazowieckie, 35891 Sochaczew
50%
Podlaskie, 25044 Bielsk Podlaski
49%
Lubelskie, 33917 Kraśnik
49%
Lubelskie, 29441 Łuków
49%
Warmińsko-Mazurskie, 22984 Bartoszyce
48%
Kujawsko-Pomorskie, 28701 Brodnica
48%
Pomorskie, 23778 Kościerzyna
48%
Mazowieckie, 36816 Marki
48%
Wielkopolskie, 20187 Rawicz
48%
Małopolskie, 26973 Gorlice
47%
Śląskie, 41003 Mikołów
47%
Mazowieckie, 22216 Ostrów Mazowiecka
47%
Łódzkie, 41390 Sieradz
47%
Wielkopolskie, 29176 Śrem
47%
Wielkopolskie, 23672 Środa Wielkopolska
47%
Zachodniopomorskie, 23950 Białogard
46%
Zachodniopomorskie, 21979 Goleniów
46%
Warmińsko-Mazurskie, 22813 Szczytno
46%
Podlaskie, 21921 Zambrów
46%
Warmińsko-Mazurskie, 26788 Kętrzyn
45%
Śląskie, 25702 Pszczyna
45%
Mazowieckie, 38546 Ząbki
45%
Dolnośląskie, 20723 Lubań
44%
Opolskie, 20671 Prudnik
44%
Wielkopolskie, 29862 Swarzędz
44%
Śląskie, 31039 Czeladź
43%
Kujawsko-Pomorskie, 25486 Świecie
43%
Wielkopolskie, 26441 Turek
43%
Zachodniopomorskie, 24949 Wałcz
43%
Wielkopolskie, 20250 Gostyń
42%
Podlaskie, 21709 Grajewo
41%
Wielkopolskie, 23716 Kościan
41%
Lubelskie, 21636 Lubartów
40%
Mazowieckie, 21924 Płońsk
39%
Małopolskie, 24366 Skawina
39%
Mazowieckie, 26980 Wyszków
39%
Śląskie, 37801 Knurów
38%
Wielkopolskie, 32015 Luboń
38%
Dolnośląskie, 29523 Bielawa
37%
Śląskie, 27888 Czerwionka-Leszczyny
37%
Warmińsko-Mazurskie, 21145 Działdowo
36%
Mazowieckie, 20741 Józefów
35%
Wielkopolskie, 25607 Wągrowiec
34%
Śląskie, 22130 Łaziska Górne
33%
Mazowieckie, 22559 Piastów
30%
Śląskie, 21290 Orzesze
28%
Mazowieckie, 25149 Kobyłka
26%
Dolnośląskie, 21643 Nowa Ruda
26%
Śląskie, 21385 Rydułtowy
24%
Dolnośląskie, 22642 Świebodzice
24%
Nie znaleziono quizów pasujących do podanych kryteriów
Rozkład punktacji
Procent ludzi z każdym wynikiem
Percentyl według liczby udzielonych odpowiedzi
Twoja historia wyników
Nie rozwiązałeś tego quizu